000 00944cai a22001935a 4500
001 E149669
008 100407u xxk g 000 0 eng d
035 _a(Sirsi) u149669
041 0 _aeng
110 2 _aRoyal Institution of Chartered Surveyors
_bScotland
_93082
245 0 0 _aDon't go round the houses
_h[electronic resource]
520 _aA mini-website created by RICS Scotland to encourage members of the public to appoint a surveyor directly when commissioning a Home Report in Scotland, rather than going through a third party. The website sets out the Home Report process and explains how to access a list of local RICS Surveyors.
590 _aKA NTK
650 2 4 _aHOME REPORT
651 4 _aScotland
_y1999-
690 _aPROPERTY-RESIDENTIAL PROPERTY-ACQUISITION AND DISPOSAL OF RESIDENTIAL PROPERTY
856 4 0 _uhttps://www.dontgoroundthehouses.com/
_zView the website free of charge at www.dontgoroundthehouses.com
942 _n0
999 _c120841
_d120841